000 00755nam a2200217 4500
001 121898
003 ES-MaACL
005 20260210162439.0
007 t|
008 070214s1912 fr r ||||1| fre d
100 1 _aPluvinage, Charles.
_992679
245 1 0 _aIndustrie et commerce des engrais et des anticryptogamiques et insecticides /
_cpar Ch. Pluvinage ; introduction par P. Regnard ; preface de L. Lindet.
260 _aParis :
_bLibrairie Bailliere et fils,
_c1912.
300 _aXII, 543 p. :
_bil. ;
_c18 x 11 cm.
490 1 _aEncyclopedie agricole
700 1 _aRegnard, Paul (
_d1850-1927)
_9150831
700 1 _aLindet, L.
_972401
830 0 _aEncyclopédie agricole
_9180885
852 _aES-MaACL
_jD-3721
999 _c121898
_d121898